Speciální patologická fysiologie pro stomatology

Bibliographic Details
Main Authors: Janoušek, Václav, 1929-2007 (Author), Šulc, Karel, 1872-1952 (Author), Kornalík, František, 1927-2020 (Author)
Format: Book
Language:Czech
PhysicalDescription:334 s.
Published: Praha Státní pedagogické nakladatelství 1975
Edition:1. vyd., dotlač
Subjects:

MARC

LEADER 00000cam a2200000 a 4500
001 vtls001269286
003 SK-MaSNL
005 20260301155041.0
008 240318s1975 xr p 00000 cze
035 |a SNK000220323 
040 |a SNK  |b slo  |c SNK  |e AACR2 
041 0 |a cze 
044 |a xr  |c CZ 
080 |a 612:616(075.8)  |2 1981 
100 1 |a Janoušek, Václav,  |d 1929-2007  |4 aut  |9 262384 
245 1 0 |a Speciální patologická fysiologie pro stomatology  |c Václav Janoušek, František Kornalík, Karel Šulc 
250 |a 1. vyd., dotlač 
260 |a Praha  |b Státní pedagogické nakladatelství  |c 1975 
300 |a 334 s. 
650 0 7 |a patologická fyziológia  |2 SNKPH  |9 2562 
650 0 7 |a špeciálna patológia  |2 SNKPH  |9 50848 
655 7 |a učebnice vysokých škôl  |2 SNKPH  |9 70191 
700 1 |a Šulc, Karel,  |d 1872-1952  |4 aut  |9 518779 
700 1 |a Kornalík, František,  |d 1927-2020  |4 aut  |9 394247 
710 2 |a Univerzita Karlova  |4 pbl 
852 |a Slovenská národná knižnica 
958 |a OND 
999 |c 799196  |d 801126 
952 |t P60, <04>, [BOOK], {604}  |a SNK  |b SNK  |y NEVYP  |7 0  |p 17A0026466  |o snkIB 32664 D1  |0 0  |1 1  |4 0  |d 1996-12-06  |l 0  |r 2005-01-01 00:00:00  |w 2026-02-24